000
00242nam a2200097Ia 4500
001
1164475
005
20250827011722.0
008
250824s9999 xx 000 0 und d
245
0
_a
BİR DEDENİN KALBİ
_c
IRENA TREVİSAN
260
_b
KETEBE
999
_c
1164475
_d
1164475